Vijf grootste plaatsen per Nederlandse provincie - Statistieken

Algemene statistieken
  • Deze quiz is 160 keer genomen
  • De gemiddelde score is 46 van 60
Antwoordstatistieken
Hint Antwoord % Correct
Noord-Holland Amsterdam
99%
Drenthe Assen
98%
Zuid-Holland Den Haag
98%
Zuid-Holland Rotterdam
98%
Groningen Groningen
97%
Utrecht Utrecht
96%
Flevoland Almere
95%
Gelderland Arnhem
95%
Noord-Holland Haarlem
95%
Friesland Leeuwarden
95%
Flevoland Lelystad
95%
Limburg Maastricht
95%
Noord-Brabant 's-Hertogenbosch
95%
Overijssel Zwolle
95%
Noord-Brabant Eindhoven
94%
Gelderland Nijmegen
94%
Noord-Brabant Tilburg
94%
Noord-Brabant Breda
93%
Zeeland Middelburg
92%
Noord-Holland Alkmaar
90%
Limburg Venlo
90%
Overijssel Enschede
89%
Zuid-Holland Leiden
89%
Utrecht Amersfoort
86%
Drenthe Emmen
86%
Gelderland Apeldoorn
85%
Overijssel Almelo
83%
Overijssel Deventer
83%
Friesland Heerenveen
82%
Overijssel Hengelo
81%
Zeeland Vlissingen
80%
Limburg Roermond
77%
Zeeland Goes
76%
Limburg Heerlen
74%
Friesland Sneek
74%
Zuid-Holland Dordrecht
71%
Noord-Holland Hilversum
70%
Zeeland Terneuzen
69%
Gelderland Ede
68%
Flevoland Emmeloord
68%
Flevoland Dronten
67%
Drenthe Hoogeveen
66%
Friesland Harlingen
65%
Zuid-Holland Zoetermeer
65%
Noord-Brabant Helmond
63%
Drenthe Meppel
63%
Friesland Drachten
62%
Limburg Weert
59%
Flevoland Zeewolde
59%
Utrecht Zeist
59%
Groningen Veendam
57%
Utrecht Veenendaal
54%
Utrecht Nieuwegein
51%
Groningen Stadskanaal
50%
Zeeland Zierikzee
50%
Gelderland Harderwijk
45%
Noord-Holland Amstelveen
44%
Groningen Winschoten
40%
Groningen Hoogezand
35%
Drenthe Roden
19%
Geen overeenkomende quizzen gevonden
Scoreverdeling
Procent van Mensen met Elke Score
Percentiel versus Aantal Correcte Antwoorden
Uw Scoregeschiedenis
U heeft deze quiz nog niet genomen